Movies Quiz

Random Movies or Box Office Quiz

Top Ten Grossing Horror Movie Franchises Quiz Stats

 Plays Quiz not verified by Sporcle

Score 0/10 Timer 05:00
0 Plays Today
Year 1st was released Movie Franchise Name % Correct
1984Nightmare On Elm Street
90.7%
1980Friday The 13th
90.5%
2004Saw
90.2%
1978Halloween
89.3%
1996Scream
77.4%
1973Exorcist
58.1%
1974Texas Chainsaw Massacre
53.6%
1976The Omen
31.3%
1982Poltergeist
28.1%
1979Amityville Horror
18.2%

You're not logged in!

Compare scores with friends on all Sporcle quizzes.
OR
Log In

Show Comments

Extras

Top Quizzes Today


Score Distribution

Your Account Isn't Verified!

In order to create a playlist on Sporcle, you need to verify the email address you used during registration. Go to your Sporcle Settings to finish the process.

Report this User

Report this user for behavior that violates our Community Guidelines.

Details: